000
nam a22 7a 4500
999
_c
54069
_d
54069
003
OSt
005
20220728155917.0
008
220728b xxu||||| |||| 00| 0 eng d
040
_c
IIMT UNIVERSITY
100
_a
GEETA PRESS GORAKHPUR
245
_a
KALYAN
260
_a
GORAKHPUR
_b
GEETA PRESS
_c
000
300
_a
412
942
_2
ddc
_c
09